| 000 | 00425nam a2200181Ia 4500 | ||
|---|---|---|---|
| 008 | 220204s9999 xx 000 0 und d | ||
| 082 |
_a579 _bNOR |
||
| 100 | _aNorris, J R | ||
| 245 | 0 | _aEssays in microbiology | |
| 260 |
_aNew York _bJohn Wiley _c1978 |
||
| 650 | _aBacteria | ||
| 650 | _aMicrobiology | ||
| 650 | _aMicroorganisms | ||
| 650 | _aProtozoa | ||
| 650 | _aVirus | ||
| 700 | _aRichmond, M H | ||
| 942 | _cBK | ||
| 999 |
_c29698 _d29698 |
||